000 00297nam a22001097a 4500
008 230621b xxu||||| |||| 00| 0 eng d
082 _a328.35
_bIPC 1995
245 _a93rd Inter-Parliamentary Conference
260 _aGeneva
_bInter-Parliamentary Union
_c1995
300 _aVIII,332p
942 _2ddc
_cBK
999 _c2177
_d2177